PAAT technical and scientific series N1 Drug management and parasite resistance in bovine trypanosomiasis in Africa

שמור ב:
מידע ביבליוגרפי
מחבר ראשי: S Geerts
פורמט: ספר
שפה:Undetermined
יצא לאור: Rome FAO 1998
נושאים:
תגים: הוספת תג
אין תגיות, היה/י הראשונ/ה לתייג את הרשומה!
Thư viện lưu trữ: Trung tâm Học liệu Trường Đại học Cần Thơ
LEADER 00590nam a2200193Ia 4500
001 CTU_33993
008 210402s9999 xx 000 0 und d
082 |a 636 
082 |b P111/N1 
100 |a S Geerts 
245 0 |a PAAT technical and scientific series N1 
245 0 |b Drug management and parasite resistance in bovine trypanosomiasis in Africa 
245 0 |c S Geerts, FAO, P P Holmes 
260 |a Rome 
260 |b FAO 
260 |c 1998 
650 |a cattle - diseases 
904 |i Nguyễn Quang Điền, 991118 
980 |a Trung tâm Học liệu Trường Đại học Cần Thơ